000 00518nam a2200157 4500
008 0 1999 0x 000 0COL
020 _a958-600-694-8
050 _aHD31 C3318
082 _a658.42 C221c
100 _aCane, Sheila
245 _aCómo triunfar a traves de las personas / Sheila Cane
260 _aColombia : McGraw-Hill
300 _axx, 201 p. / 23 cm.
500 _aIncluye índice
650 _a1.ADMINISTRACIÓN INDUSTRIAL \ 2.ADMINISTRACIÓN INDUSTRIAL-JAPON \ 3.ADMINISTRACIÓN COMPARADA
999 _c14696
_d14696